Markets (Record no. 81948)
[ view plain ]
| 000 -LEADER | |
|---|---|
| fixed length control field | 00989cab a22001935a 4500 |
| 001 - CONTROL NUMBER | |
| control field | L148770 |
| 008 - FIXED-LENGTH DATA ELEMENTS--GENERAL INFORMATION | |
| fixed length control field | 091109e20091030xxkbdo f 000 0 eng d |
| 035 ## - SYSTEM CONTROL NUMBER | |
| System control number | (Sirsi) u148770 |
| 041 0# - LANGUAGE CODE | |
| Language code of text/sound track or separate title | eng |
| 100 1# - MAIN ENTRY--PERSONAL NAME | |
| Personal name | Shah, Aditi |
| 245 00 - TITLE STATEMENT | |
| Title | Markets |
| Remainder of title | Kent |
| 260 ## - PUBLICATION, DISTRIBUTION, ETC. | |
| Date of publication, distribution, etc. | 2009 |
| 490 #0 - SERIES STATEMENT | |
| Series statement | Property Week |
| Volume/sequential designation | 75(44) Property Week 30 October 2009, 45-52 (5) |
| 520 ## - SUMMARY, ETC. | |
| Summary, etc. | Rival rail freight schemes, Kent International Gateway near Bearstead and Kent Rail and Freight Terminal near Borough Green, are battling for planning consent supremacy. Southeastern Railways £200m high-speed link between Kent and St Pancras, fully operational by December 2009, will have a major impact on adjacent property markets. Kent?s office market is already showing signs of picking up. Even the moribund Kent industrial letting market has awoken after a nine-month slumber. Chart. Table. Graph. |
| 590 ## - LOCAL NOTE (RLIN) | |
| Local note | KA |
| 651 #4 - SUBJECT ADDED ENTRY--GEOGRAPHIC NAME | |
| Geographic name | Kent |
| 690 ## - LOCAL SUBJECT ADDED ENTRY--TOPICAL TERM (OCLC, RLIN) | |
| Topical term or geographic name as entry element | PROPERTY-COMMERCIAL PROPERTY-COMMERCIAL PROPERTY MARKET |
| 942 ## - ADDED ENTRY ELEMENTS (KOHA) | |
| Suppress in OPAC | 0 |
| Withdrawn status | Lost status | Source of classification or shelving scheme | Damaged status | Not for loan | Home library | Current library | Shelving location | Date acquired | Total Checkouts | Full call number | Barcode | Date last seen | Copy number | Price effective from | Koha item type |
|---|---|---|---|---|---|---|---|---|---|---|---|---|---|---|---|
| Dewey Decimal Classification | London | London | Journal article | 09/11/2009 | L148770 | 148770-1001 | 06/08/2019 | 1 | 06/08/2019 | Journal article |